[Event "Budapest Spring op 22nd"]
[Site "Budapest"]
[Date "2006.03.31"]
[Round "9"]
[White "Rajnai, Istvan"]
[Black "Mester, Attila"]
[Result "0-1"]
[WhiteElo "1982"]
[BlackElo "2089"]
[PlyCount "38"]
[EventDate "2006.03.23"]
[EventType "swiss"]
[EventRounds "9"]
[EventCountry "HUN"]
[SourceTitle "CBM 111 Extra"]
[Source "ChessBase"]
[SourceDate "2006.05.09"]
[SourceVersion "1"]
[SourceVersionDate "2006.05.09"]
[SourceQuality "1"]

1. d4 f5 2. e4 fxe4 3. Nc3 Nf6 4. Bg5 Nc6 5. f3 e3 6. Bxe3 d5 7. g4 Be6 8. Nh3 Qd7 9. Nf4 Bf7 10. Bh3 g5 11. Nd3 0-0-0 12. Nc5 Qe8 13. Bxg5 e5 14. Bxf6 exd4+ 15. Ne2 Bxc5 16. g5+ Kb8 17. Bxd8 Qxd8 18. Qd2 d3 19. Qf4 Qe7 0-1

[Event "Budapest Spring op 22nd"]
[Site "Budapest"]
[Date "2006.03.23"]
[Round "1"]
[White "Rajnai, Istvan"]
[Black "Karim, Ismael"]
[Result "0-1"]
[WhiteElo "1982"]
[BlackElo "2234"]
[PlyCount "138"]
[EventDate "2006.03.23"]
[EventType "swiss"]
[EventRounds "9"]
[EventCountry "HUN"]
[SourceTitle "CBM 111 Extra"]
[Source "ChessBase"]
[SourceDate "2006.05.09"]
[SourceVersion "1"]
[SourceVersionDate "2006.05.09"]
[SourceQuality "1"]

1. d4 d5 2. Nf3 Nf6 3. c4 dxc4 4. Nc3 c6 5. a4 Bg4 6. e3 Nbd7 7. Bxc4 e6 8. 0-0 Bb4 9. h3 Bh5 10. Be2 0-0 11. Qc2 Qe7 12. Na2 Bd6 13. Bd2 Nd5 14. b4 f5 15. b5 cxb5 16. axb5 Rf6 17. Nc3 N7b6 18. Ne5 Bxe2 19. Nxe2 Bxe5 20. dxe5 Rg6 21. e4 fxe4 22. Qxe4 Nd7 23. Nf4 Nxf4 24. Bxf4 Nc5 25. Qc4 b6 26. Be3 Qb7 27. f3 Rc8 28. Rac1 Qe7 29. Qb4 h5 30. Rc2 Qf8 31. Qf4 Qxf4 32. Bxf4 Rf8 33. Be3 Nd3 34. f4 Nb4 35. Rc4 Nd5 36. Bd2 Rg3 37. Rf3 Rxf3 38. gxf3 Rf7 39. Kf2 Rc7 40. Ra4 Kf7 41. Ra2 Kg6 42. Kg3 Kf5 43. h4 Rd7 44. Ra1 Rc7 45. Ra2 Kg6 46. Kh3 Ne7 47. Be1 Kf7 48. Bb4 Nf5 49. Be1 Ke8 50. Bb4 Kd7 51. Rd2+ Kc8 52. Bd6 Rc3 53. Rf2 Kb7 54. Bf8 Rb3 55. Rf1 Rxb5 56. Rg1 Rb3 57. Bxg7 Rxf3+ 58. Kh2 Rxf4 59. Bf6 Rf2+ 60. Kh3 Rf3+ 61. Kh2 a5 62. Rg5 a4 63. Rxh5 a3 64. Rh7+ Ka6 65. Rd7 a2 66. Rd1 b5 67. h5 b4 68. Bg5 b3 69. h6 Nxh6 0-1

[Event "HUN-chT2 Asztalos 0506"]
[Site "Hungary"]
[Date "2005.12.04"]
[Round "5"]
[White "Drinoczi, Peter"]
[Black "Rajnai, Istvan"]
[Result "1-0"]
[WhiteElo "2112"]
[BlackElo "1982"]
[PlyCount "91"]
[EventDate "2005.10.16"]
[EventType "team"]
[EventRounds "11"]
[EventCountry "HUN"]
[SourceTitle "EXT 2009"]
[Source "ChessBase"]
[SourceDate "2008.11.26"]
[SourceVersion "1"]
[SourceVersionDate "2008.11.26"]
[SourceQuality "1"]
[WhiteTeam "Pecs Karmin"]
[BlackTeam "Bajai"]
[WhiteTeamCountry "HUN"]
[BlackTeamCountry "HUN"]

1. e4 e6 2. d4 d5 3. Nd2 c5 4. Ngf3 Nc6 5. c3 cxd4 6. cxd4 Qb6 7. exd5 exd5 8. Bd3 Nf6 9. 0-0 Be7 10. h3 0-0 11. Re1 Bd7 12. Nf1 Rfe8 13. Bd2 Nb4 14. Bb1 Bd6 15. Ne3 Rac8 16. a3 Nc6 17. Bc3 Ne7 18. Qc2 Ng6 19. Ba2 Be6 20. Rad1 Bc7 21. Ne5 Nxe5 22. dxe5 Bxe5 23. Nxd5 Bxd5 24. Bxd5 Nxd5 25. Rxd5 Bh2+ 26. Kxh2 Rxe1 27. Qf5 Ree8 28. Rd7 Qe6 29. Qxe6 Rxe6 30. Rxb7 a6 31. f4 Rec6 32. f5 f6 33. g4 h6 34. Kg3 Rxc3+ 35. bxc3 Rxc3+ 36. Kh4 Rxa3 37. Kh5 Rxh3+ 38. Kg6 Kf8 39. Rxg7 h5 40. Rf7+ Ke8 41. gxh5 Rxh5 42. Rxf6 Rh1 43. Rxa6 Kf8 44. Ra8+ Ke7 45. f6+ Ke6 46. Re8+ 1-0

[Event "HUN-chT2 Toth 0405"]
[Site "Hungary"]
[Date "2005.04.10"]
[Round "10"]
[White "Papp, Jozsef1111"]
[Black "Rajnai, Istvan"]
[Result "1-0"]
[WhiteElo "1915"]
[BlackElo "2065"]
[PlyCount "111"]
[EventDate "2004.09.26"]
[EventType "team"]
[EventRounds "11"]
[EventCountry "HUN"]
[SourceTitle "EXT 2009"]
[Source "ChessBase"]
[SourceDate "2008.11.26"]
[SourceVersion "1"]
[SourceVersionDate "2008.11.26"]
[SourceQuality "1"]
[WhiteTeam "Szentes"]
[BlackTeam "Bajai"]
[WhiteTeamCountry "HUN"]
[BlackTeamCountry "HUN"]

1. e4 e6 2. c4 d5 3. exd5 exd5 4. cxd5 Nf6 5. Bb5+ Bd7 6. Qe2+ Qe7 7. Bc4 Qxe2+ 8. Nxe2 Bg4 9. f3 Bf5 10. Nbc3 a6 11. a4 Nbd7 12. d4 Nb6 13. Bb3 Rd8 14. Bg5 Be7 15. Bxf6 Bxf6 16. a5 Nc8 17. Ne4 Bh4+ 18. g3 Be7 19. Nc5 Nd6 20. Ba4+ Kf8 21. Rc1 Bc8 22. Kf2 b6 23. axb6 cxb6 24. Ne4 f5 25. Nxd6 Bxd6 26. Bc6 g5 27. Rc2 Kg7 28. Nc1 f4 29. gxf4 Bxf4 30. Nd3 Rhf8 31. Kg2 Be3 32. Re1 Bxd4 33. Re7+ Rf7 34. Rxf7+ Kxf7 35. Nf2 Bf5 36. Ne4 h6 37. Bb7 a5 38. Rc7+ Rd7 39. Nd6+ Kg6 40. Rc6 Bxb2 41. Nxf5+ Kxf5 42. Bc8 Ke5 43. Bxd7 Bd4 44. Rxh6 Kxd5 45. Rh5 Kd6 46. Ba4 Be3 47. h4 gxh4 48. Rxh4 Kc5 49. Be8 Bd4 50. Kf1 Kc4 51. Ke2 Kc3 52. f4 Bc5 53. f5 Bb4 54. f6 Kb3 55. Rxb4+ Kxb4 56. f7 1-0

[Event "HUN-chT2 Toth 0405"]
[Site "Hungary"]
[Date "2005.03.06"]
[Round "9"]
[White "Rajnai, Istvan"]
[Black "Zalai, Mihaly"]
[Result "0-1"]
[WhiteElo "2065"]
[BlackElo "2195"]
[PlyCount "76"]
[EventDate "2004.09.26"]
[EventType "team"]
[EventRounds "11"]
[EventCountry "HUN"]
[SourceTitle "EXT 2009"]
[Source "ChessBase"]
[SourceDate "2008.11.26"]
[SourceVersion "1"]
[SourceVersionDate "2008.11.26"]
[SourceQuality "1"]
[WhiteTeam "Bajai"]
[BlackTeam "Oroshaza"]
[WhiteTeamCountry "HUN"]
[BlackTeamCountry "HUN"]

1. d4 Nf6 2. c4 g6 3. Nc3 Bg7 4. Nf3 d6 5. Bg5 0-0 6. Qd2 Nbd7 7. Bh6 c5 8. Bxg7 Kxg7 9. d5 a6 10. h4 h5 11. e4 Rb8 12. Bd3 Qa5 13. 0-0 b5 14. cxb5 axb5 15. a4 b4 16. Nb5 Ng4 17. b3 Nde5 18. Nxe5 Nxe5 19. Be2 f5 20. Qg5 Nf7 21. Qxe7 Rb7 22. Qxf8+ Kxf8 23. e5 dxe5 24. Bc4 Bd7 25. d6 Qd8 26. Rfd1 Rb6 27. Rd5 Bxb5 28. axb5 Rxd6 29. Rxc5 Rd1+ 30. Rxd1 Qxd1+ 31. Kh2 Nh6 32. f3 Qe1 33. Rc8+ Ke7 34. Rc7+ Kd8 35. Rh7 Qxh4+ 36. Kg1 Qd4+ 37. Kh1 e4 38. Rxh6 Qg7 0-1

[Event "HUN-chT2 Toth 0405"]
[Site "Hungary"]
[Date "2004.12.05"]
[Round "4"]
[White "Juhasz, Laszlo"]
[Black "Rajnai, Istvan"]
[Result "1-0"]
[WhiteElo "2227"]
[BlackElo "2065"]
[PlyCount "139"]
[EventDate "2004.09.26"]
[EventType "team"]
[EventRounds "11"]
[EventCountry "HUN"]
[SourceTitle "EXT 2009"]
[Source "ChessBase"]
[SourceDate "2008.11.26"]
[SourceVersion "1"]
[SourceVersionDate "2008.11.26"]
[SourceQuality "1"]
[WhiteTeam "GYDSE"]
[BlackTeam "Bajai"]
[WhiteTeamCountry "HUN"]
[BlackTeamCountry "HUN"]

1. d4 Nf6 2. Nf3 e6 3. c4 Bb4+ 4. Bd2 Be7 5. Nc3 d5 6. g3 0-0 7. Bg2 c6 8. b3 Nbd7 9. 0-0 Re8 10. Bf4 Nf8 11. Ne5 N6d7 12. Nxd7 Bxd7 13. e4 dxe4 14. Nxe4 Ng6 15. Bd6 f5 16. Bxe7 Qxe7 17. Nc3 e5 18. dxe5 Nxe5 19. Re1 Qf7 20. Qd6 Ng4 21. Rad1 Rxe1+ 22. Rxe1 Re8 23. Rd1 Nf6 24. c5 Qe7 25. Qd4 Qe5 26. Kf1 Qxd4 27. Rxd4 Kf7 28. Na4 Be6 29. Nc3 Re7 30. b4 Rd7 31. Rxd7+ Bxd7 32. Ke2 Ke7 33. Bf3 Be6 34. Ke3 g5 35. Kd4 Nd7 36. a4 Kf6 37. b5 Ne5 38. Bg2 Bd7 39. h3 Ke6 40. Bh1 Ng6 41. Bf3 Be8 42. Bh5 Bd7 43. Bxg6 hxg6 44. f4 gxf4 45. gxf4 Kf6 46. h4 Be8 47. Kc4 Ke6 48. Ne2 Bf7 49. Nd4+ Kf6+ 50. Kb4 Ke7 51. Ka5 cxb5 52. axb5 Kd8 53. b6 axb6+ 54. Kxb6 Kc8 55. Nf3 Kb8 56. Ne5 Be8 57. Nc4 Bf7 58. Na5 Bd5 59. c6 bxc6 60. Nxc6+ Ka8 61. Ne5 Kb8 62. Nxg6 Bf3 63. Ne7 Bg4 64. Kc6 Ka7 65. Kd6 Kb6 66. Ke5 Kc7 67. Nxf5 Kd7 68. Kf6 Ke8 69. Nh6 Be2 70. Kg7 1-0

[Event "Harkany Tenkes Cup 28th"]
[Site "Harkany"]
[Date "2004.12.02"]
[Round "8"]
[White "Balog, Marton"]
[Black "Rajnai, Istvan"]
[Result "1-0"]
[WhiteElo "2159"]
[BlackElo "2024"]
[PlyCount "69"]
[EventDate "2004.11.25"]
[EventType "swiss"]
[EventRounds "9"]
[EventCountry "HUN"]
[SourceTitle "EXT 2008"]
[Source "ChessBase"]
[SourceDate "2007.11.25"]
[SourceVersion "1"]
[SourceVersionDate "2007.11.25"]
[SourceQuality "1"]

1. e4 e6 2. d4 d5 3. Nc3 Bb4 4. e5 Ne7 5. a3 Bxc3+ 6. bxc3 c5 7. Qg4 Qc7 8. Qxg7 Rg8 9. Qxh7 cxd4 10. Ne2 Nbc6 11. f4 Bd7 12. Qd3 dxc3 13. Nxc3 a6 14. Rb1 Rc8 15. h4 Nxe5 16. fxe5 Qxc3+ 17. Qxc3 Rxc3 18. Bg5 Bc6 19. Bd3 Nf5 20. Rb3 Rc5 21. Kd2 Ng3 22. Rg1 Ne4+ 23. Bxe4 dxe4 24. Bf6 e3+ 25. Rxe3 Rxg2+ 26. Rxg2 Bxg2 27. h5 Rd5+ 28. Kc1 Rd4 29. h6 Re4 30. h7 Rxe3 31. h8Q+ Kd7 32. Qd8+ Kc6 33. Qd6+ Kb5 34. Qb4+ Kc6 35. Qc4+ 1-0

[Event "HUN-chT2 Toth 0405"]
[Site "Hungary"]
[Date "2004.09.26"]
[Round "1"]
[White "Rajnai, Istvan"]
[Black "Deak, Zoltan"]
[Result "1-0"]
[WhiteElo "2065"]
[BlackElo "2179"]
[PlyCount "73"]
[EventDate "2004.09.26"]
[EventType "team"]
[EventRounds "11"]
[EventCountry "HUN"]
[SourceTitle "EXT 2009"]
[Source "ChessBase"]
[SourceDate "2008.11.26"]
[SourceVersion "1"]
[SourceVersionDate "2008.11.26"]
[SourceQuality "1"]
[WhiteTeam "Bajai"]
[BlackTeam "Bekes"]
[WhiteTeamCountry "HUN"]
[BlackTeamCountry "HUN"]

1. e4 c6 2. d4 d5 3. Nc3 dxe4 4. Nxe4 Nf6 5. Nxf6+ exf6 6. Nf3 Bd6 7. Bd3 0-0 8. 0-0 Re8 9. Re1 Nd7 10. Rxe8+ Qxe8 11. c4 Nf8 12. Qc2 Bg4 13. Nd2 Qe1+ 14. Nf1 Re8 15. b3 Be2 16. Bb2 Bxh2+ 17. Kxh2 Qxf2 18. Ng3 Qf4 19. Bxe2 Qh4+ 20. Kg1 Qxg3 21. Qd2 Ng6 22. Rf1 Nh4 23. Bf3 g5 24. Qf2 Qd6 25. d5 c5 26. Bg4 Re4 27. Bh5 Rf4 28. Qe2 Rxf1+ 29. Qxf1 Kg7 30. Qf2 b6 31. Qe3 h6 32. Qe8 Ng6 33. Bxg6 fxg6 34. Qe6 Qf4 35. Qe7+ Kg8 36. Qxf6 Qe3+ 37. Kh2 1-0

[Event "HUN-chT2 Asztalos 0304"]
[Site "Hungary"]
[Date "2004.03.21"]
[Round "9"]
[White "Rajnai, Istvan"]
[Black "Horvath, Sandor2222"]
[Result "1-0"]
[WhiteElo "2069"]
[BlackElo "2096"]
[PlyCount "101"]
[EventDate "2003.08.29"]
[EventType "team"]
[EventRounds "11"]
[EventCountry "HUN"]
[SourceTitle "EXT 2009"]
[Source "ChessBase"]
[SourceDate "2008.11.26"]
[SourceVersion "1"]
[SourceVersionDate "2008.11.26"]
[SourceQuality "1"]
[WhiteTeam "Bajai"]
[BlackTeam "Fehervar"]
[WhiteTeamCountry "HUN"]
[BlackTeamCountry "HUN"]

1. d4 Nf6 2. c4 g6 3. Nf3 Bg7 4. Nc3 d5 5. cxd5 Nxd5 6. e3 c6 7. Bc4 0-0 8. 0-0 e6 9. Bd2 b6 10. Qe2 a5 11. Rac1 b5 12. Bb3 a4 13. Bc2 Ba6 14. Ne4 Nd7 15. Bd3 Qb6 16. Rc2 Rfc8 17. Rfc1 Bf8 18. h4 Bb4 19. a3 Bxd2 20. Nfxd2 N5f6 21. Qf3 Kg7 22. Nd6 Rf8 23. Rxc6 Qa5 24. N2e4 Nxe4 25. Nxe4 Bb7 26. Rc7 Bxe4 27. Bxe4 Rad8 28. R7c2 b4 29. axb4 Qxb4 30. h5 a3 31. bxa3 Qxa3 32. Qf4 Qe7 33. h6+ Kg8 34. Rc7 Qf6 35. Qd6 Nb8 36. Qe7 Qxe7 37. Rxe7 Nd7 38. f4 Nf6 39. Bf3 Nd5 40. Bxd5 Rxd5 41. g4 Rdd8 42. Rcc7 Rc8 43. Kg2 Rxc7 44. Rxc7 Rd8 45. Kf3 Ra8 46. Ke4 f5+ 47. gxf5 exf5+ 48. Ke5 Re8+ 49. Kf6 Rf8+ 50. Ke6 Re8+ 51. Re7 1-0

[Event "HUN-chT2 Asztalos 0203"]
[Site "Hungary"]
[Date "2003.04.06"]
[Round "10"]
[White "Bocska, Janos"]
[Black "Rajnai, Istvan"]
[Result "1-0"]
[WhiteElo "2075"]
[BlackElo "2085"]
[PlyCount "126"]
[EventDate "2002.09.22"]
[EventType "team"]
[EventRounds "11"]
[EventCountry "HUN"]
[SourceTitle "EXT 2009"]
[Source "ChessBase"]
[SourceDate "2008.11.26"]
[SourceVersion "1"]
[SourceVersionDate "2008.11.26"]
[SourceQuality "1"]

1. e4 e6 2. d4 d5 3. exd5 exd5 4. Bd3 Bd6 5. Nf3 Ne7 6. Bg5 f6 7. Bh4 Nbc6 8. c3 Bg4 9. Nbd2 Qd7 10. 0-0 0-0-0 11. b4 Nf5 12. Qa4 Kb8 13. b5 Nce7 14. Bg3 Nxg3 15. fxg3 Bf5 16. Qc2 Rhe8 17. Rae1 h5 18. a4 Bxd3 19. Qxd3 Qg4 20. Rf2 Nf5 21. Rxe8 Rxe8 22. Re2 Rh8 23. Nf1 Qg6 24. Ne3 Re8 25. Nxd5 Rxe2 26. Qxe2 Nh6 27. c4 Qb1+ 28. Qe1 Qxe1+ 29. Nxe1 c6 30. Nf4 Bxf4 31. gxf4 cxb5 32. cxb5 Kc7 33. a5 Nf5 34. Nc2 Kd6 35. Kf2 g6 36. g3 Kd5 37. a6 bxa6 38. bxa6 Nxd4 39. Ne3+ Kc5 40. g4 Ne6 41. gxh5 gxh5 42. Kf3 Nc7 43. Ke4 Nxa6 44. Kf5 Kd4 45. Nc2+ Kd3 46. Na3 Nc7 47. Kxf6 a5 48. f5 h4 49. Kg5 h3 50. f6 Ne6+ 51. Kf5 Nd8 52. Kf4 a4 53. Kf3 Nf7 54. Kf2 Kc3 55. Ke2 Kb3 56. Nb5 Kb4 57. Nd4 Kc4 58. Nc2 Kd5 59. Kd2 Ke5 60. Ne3 Kxf6 61. Ng4+ Kf5 62. Nf2 Ng5 63. Kc3 Ne4+ 1-0

[Event "HUN-chT2 Asztalos 0203"]
[Site "Hungary"]
[Date "2003.03.23"]
[Round "9"]
[White "Gal, Peter"]
[Black "Rajnai, Istvan"]
[Result "1-0"]
[WhiteElo "2064"]
[BlackElo "2085"]
[PlyCount "93"]
[EventDate "2002.09.22"]
[EventType "team"]
[EventRounds "11"]
[EventCountry "HUN"]
[SourceTitle "EXT 2009"]
[Source "ChessBase"]
[SourceDate "2008.11.26"]
[SourceVersion "1"]
[SourceVersionDate "2008.11.26"]
[SourceQuality "1"]

1. d4 Nf6 2. Nc3 d5 3. Bg5 h6 4. Bxf6 exf6 5. e3 Bf5 6. Bd3 Bxd3 7. Qxd3 c6 8. Nf3 Bb4 9. 0-0-0 Qa5 10. Kb1 Bxc3 11. Qxc3 Qxc3 12. bxc3 0-0 13. Nd2 Nd7 14. c4 Nb6 15. cxd5 cxd5 16. e4 Rfe8 17. exd5 Nxd5 18. Rde1 Nc3+ 19. Kb2 Ne2 20. Nb3 Kf8 21. Rd1 Rac8 22. Rhe1 b6 23. g3 Nc3 24. Rxe8+ Kxe8 25. Rd3 Nd5 26. Nd2 Nb4 27. Re3+ Kd7 28. c4 b5 29. a3 Na6 30. cxb5 Nc7 31. Rb3 Nd5 32. Ne4 Rc4 33. Rd3 f5 34. Nd2 Rc8 35. a4 Re8 36. Nc4 f6 37. Ne3 Ne7 38. d5 g6 39. Rc3 Rc8 40. Rxc8 Nxc8 41. Kc3 Nb6 42. a5 Na4+ 43. Kb4 Nb2 44. b6 axb6 45. a6 Nd3+ 46. Kb5 Kc7 47. d6+ 1-0

[Event "HUN-chT2 Asztalos 0203"]
[Site "Hungary"]
[Date "2003.02.02"]
[Round "6"]
[White "Kadlicsko, Jozsef"]
[Black "Rajnai, Istvan"]
[Result "0-1"]
[WhiteElo "2128"]
[BlackElo "2085"]
[PlyCount "86"]
[EventDate "2002.09.22"]
[EventType "team"]
[EventRounds "11"]
[EventCountry "HUN"]
[SourceTitle "EXT 2009"]
[Source "ChessBase"]
[SourceDate "2008.11.26"]
[SourceVersion "1"]
[SourceVersionDate "2008.11.26"]
[SourceQuality "1"]

1. d4 Nf6 2. c4 e6 3. Nc3 Bb4 4. Nf3 c5 5. a3 Bxc3+ 6. bxc3 0-0 7. e3 Qc7 8. Be2 b6 9. Bb2 d6 10. 0-0 Nc6 11. d5 Na5 12. Qd3 Ba6 13. dxe6 fxe6 14. Ng5 Qe7 15. Rab1 Bxc4 16. Qc2 Bxe2 17. Qxe2 h6 18. Nh3 d5 19. e4 Nxe4 20. Rbe1 Rae8 21. f3 Ng5 22. Nf2 Nc4 23. Bc1 Rf5 24. f4 Nh7 25. g4 Rf7 26. Qd3 Qd7 27. Re2 Nf6 28. Rfe1 Nd6 29. Qg6 Nfe4 30. Nd3 Rf6 31. Qh5 Qf7 32. Qh4 Nc4 33. g5 Rg6 34. Rg2 Qf5 35. Kh1 Nxg5 36. Ne5 Nxe5 37. Rxe5 Nf3 38. Rxf5 Nxh4 39. Rxg6 exf5 40. Rg1 Nf3 41. Rf1 Re1 42. Kg2 Rxf1 43. Kxf1 Nxh2+ 0-1

[Event "Cerbona op 3rd"]
[Site "Kaposvar"]
[Date "2001.07.19"]
[Round "8.16"]
[White "Ladanyi, Zsolt"]
[Black "Rajnai, Istvan"]
[Result "0-1"]
[WhiteElo "2091"]
[BlackElo "2099"]
[PlyCount "56"]
[EventDate "2001.07.12"]
[EventType "swiss"]
[EventRounds "9"]
[EventCountry "HUN"]
[SourceTitle "EXT 2004"]
[Source "ChessBase"]
[SourceDate "2003.11.25"]
[SourceVersion "1"]
[SourceVersionDate "2003.11.25"]
[SourceQuality "1"]

1. e4 e6 2. d4 d5 3. Nc3 Bb4 4. e5 c5 5. a3 Bxc3+ 6. bxc3 Nc6 7. Qg4 Nge7 8. Qxg7 Rg8 9. Qxh7 Bd7 10. f4 Qc7 11. Ne2 cxd4 12. Qd3 dxc3 13. Nxc3 a6 14. Rb1 Nf5 15. g4 Nxe5 16. fxe5 Qxe5+ 17. Ne2 Rxg4 18. Rb4 d4 19. Bh3 Re4 20. Bxf5 exf5 21. Rxd4 0-0-0 22. Qc3+ Kb8 23. Bf4 Qxf4 24. Rxe4 Qxe4 25. Rf1 Bb5 26. Qg3+ Ka8 27. Qf3 Qxc2 28. Kf2 Bxe2 0-1

[Event "Cerbona op 3rd"]
[Site "Kaposvar"]
[Date "2001.07.16"]
[Round "5.16"]
[White "Czimer, Jozsef"]
[Black "Rajnai, Istvan"]
[Result "1-0"]
[WhiteElo "2026"]
[BlackElo "2099"]
[PlyCount "97"]
[EventDate "2001.07.12"]
[EventType "swiss"]
[EventRounds "9"]
[EventCountry "HUN"]
[SourceTitle "EXT 2004"]
[Source "ChessBase"]
[SourceDate "2003.11.25"]
[SourceVersion "1"]
[SourceVersionDate "2003.11.25"]
[SourceQuality "1"]

1. e4 e6 2. c4 d5 3. exd5 exd5 4. cxd5 Nf6 5. Bb5+ Nbd7 6. Nc3 Bd6 7. Qe2+ Qe7 8. Qxe7+ Kxe7 9. Nf3 a6 10. Bc4 Re8 11. 0-0 Kf8 12. d4 b5 13. Bb3 Nb6 14. Bg5 Ne4 15. Nxe4 Rxe4 16. Rfe1 Bf5 17. h3 Rae8 18. Be3 R4e7 19. Ne5 f6 20. Nc6 Rd7 21. Bd2 Be4 22. a4 Bxd5 23. Rxe8+ Kxe8 24. Bxd5 Nxd5 25. Kf1 Nb6 26. a5 Nc4 27. Bc3 Bf8 28. b3 Nd6 29. Re1+ Kf7 30. Nb8 Rd8 31. Nxa6 Nf5 32. Nxc7 b4 33. Bb2 Nxd4 34. Rd1 Rc8 35. Bxd4 Rxc7 36. a6 Ke6 37. a7 Rc8 38. Ra1 Ra8 39. Ke2 Kd5 40. Kd3 Bd6 41. Ra5+ Kc6 42. Kc4 Kb7 43. Kd5 Bf8 44. Rb5+ Kc7 45. Bb6+ Kc8 46. Kc6 Be7 47. Rd5 f5 48. Rd7 Bf6 49. Rc7+ 1-0

[Event "Cerbona op 3rd"]
[Site "Kaposvar"]
[Date "2001.07.15"]
[Round "4.15"]
[White "Heinrich, Ferenc"]
[Black "Rajnai, Istvan"]
[Result "1-0"]
[WhiteElo "2279"]
[BlackElo "2099"]
[PlyCount "37"]
[EventDate "2001.07.12"]
[EventType "swiss"]
[EventRounds "9"]
[EventCountry "HUN"]
[SourceTitle "EXT 2004"]
[Source "ChessBase"]
[SourceDate "2003.11.25"]
[SourceVersion "1"]
[SourceVersionDate "2003.11.25"]
[SourceQuality "1"]

1. e4 e6 2. d4 d5 3. exd5 exd5 4. Nf3 Bd6 5. Bd3 Ne7 6. 0-0 Bg4 7. h3 Bh5 8. c4 dxc4 9. Bxc4 0-0 10. Bg5 Nbc6 11. g4 Bg6 12. Nc3 Qd7 13. Re1 Kh8 14. Ne5 Bxe5 15. dxe5 Qxd1 16. Raxd1 f6 17. exf6 gxf6 18. Bf4 Ne5 19. Rxe5 1-0

[Event "Harkany Tenkes Cup"]
[Site "Harkany"]
[Date "2000.11.24"]
[Round "9"]
[White "Frank, Jozsef"]
[Black "Rajnai, Istvan"]
[Result "0-1"]
[WhiteElo "2081"]
[BlackElo "2097"]
[PlyCount "58"]
[EventDate "2000.11.16"]
[EventType "swiss"]
[EventRounds "9"]
[EventCountry "HUN"]
[SourceTitle "CBM 079 Extra"]
[Source "ChessBase"]
[SourceDate "2001.01.11"]
[SourceVersion "2"]
[SourceVersionDate "2001.01.25"]
[SourceQuality "1"]

1. d4 Nf6 2. Nf3 e6 3. Bg5 Be7 4. e3 b6 5. g3 Bb7 6. Bg2 0-0 7. 0-0 h6 8. Bxf6 Bxf6 9. Nbd2 d6 10. Rc1 Nd7 11. c4 c5 12. b3 Qe7 13. Qc2 Rac8 14. Ne4 d5 15. Nxf6+ Nxf6 16. Qb2 dxc4 17. dxc5 Rxc5 18. Rxc4 Rxc4 19. bxc4 Rc8 20. Rc1 Qc5 21. Nd4 Bxg2 22. Kxg2 Qe5 23. Qe2 Ne4 24. Nf3 Qc7 25. Qb2 Qb7 26. Kg1 Nxg3 27. hxg3 Qxf3 28. a4 Rc5 29. Qd2 Rh5 0-1